<?xml version="1.0" encoding="UTF-8"?>
<record
    xmlns:xsi="http://www.w3.org/2001/XMLSchema-instance"
    xsi:schemaLocation="http://www.loc.gov/MARC21/slim http://www.loc.gov/standards/marcxml/schema/MARC21slim.xsd"
    xmlns="http://www.loc.gov/MARC21/slim">

  <leader>01147nam a2200253   4500</leader>
  <controlfield tag="001">136462</controlfield>
  <controlfield tag="003">ES-MaACL</controlfield>
  <controlfield tag="005">20251015185549.0</controlfield>
  <controlfield tag="007">t|</controlfield>
  <controlfield tag="008">070214s1950    ag      r    ||||1| spa d</controlfield>
  <datafield tag="100" ind1="1" ind2=" ">
    <subfield code="a">Russell, Bertrand,</subfield>
    <subfield code="d">1872-1970 	</subfield>
    <subfield code="9">101033</subfield>
  </datafield>
  <datafield tag="245" ind1="1" ind2="0">
    <subfield code="a">An&#xE1;lisis del esp&#xED;ritu / </subfield>
    <subfield code="c">Bertrand Russell ; [versi&#xF3;n castellana de la quinta edici&#xF3;n inglesa, Eduardo Prieto].</subfield>
  </datafield>
  <datafield tag="260" ind1=" " ind2=" ">
    <subfield code="a">Buenos Aires : </subfield>
    <subfield code="b">Paidos, </subfield>
    <subfield code="c">1950.</subfield>
  </datafield>
  <datafield tag="300" ind1=" " ind2=" ">
    <subfield code="a">283 p. ; </subfield>
    <subfield code="c">24 cm.</subfield>
  </datafield>
  <datafield tag="490" ind1="1" ind2=" ">
    <subfield code="a">Temas del Siglo XX ; </subfield>
    <subfield code="v">1</subfield>
  </datafield>
  <datafield tag="650" ind1=" " ind2="7">
    <subfield code="a">Psicolog&#xED;a</subfield>
    <subfield code="2">embne</subfield>
    <subfield code="9">16540</subfield>
  </datafield>
  <datafield tag="700" ind1="1" ind2=" ">
    <subfield code="a">Prieto, Eduardo J., </subfield>
    <subfield code="d">1916-</subfield>
    <subfield code="9">93878</subfield>
  </datafield>
  <datafield tag="830" ind1="0" ind2=" ">
    <subfield code="a">Temas del Siglo XX ; </subfield>
    <subfield code="v">1</subfield>
    <subfield code="9">233396</subfield>
  </datafield>
  <datafield tag="852" ind1=" " ind2=" ">
    <subfield code="a">ES-MaACL</subfield>
    <subfield code="j">D-6511 </subfield>
    <subfield code="b">R.30960</subfield>
    <subfield code="b">R.M.6102</subfield>
    <subfield code="9">141395 </subfield>
    <subfield code="c">SVI</subfield>
    <subfield code="f">Sello en tinta azul de la Biblioteca del Ateneo de Madrid.</subfield>
    <subfield code="g">Anotaci&#xF3;n manuscrita a l&#xE1;piz en cuberta: "3".</subfield>
    <subfield code="g">Anotaci&#xF3;n manuscrita a l&#xE1;piz en hoja de guarda posterior: "100".</subfield>
    <subfield code="q">El libro tiene el lomo da&#xF1;ado.</subfield>
    <subfield code="z">"15.JUN.1951".</subfield>
  </datafield>
  <datafield tag="942" ind1=" " ind2=" ">
    <subfield code="2">udc</subfield>
    <subfield code="c">MONOGRAFIA</subfield>
  </datafield>
  <datafield tag="999" ind1=" " ind2=" ">
    <subfield code="c">136462</subfield>
    <subfield code="d">136462</subfield>
  </datafield>
  <datafield tag="952" ind1=" " ind2=" ">
    <subfield code="0">0</subfield>
    <subfield code="1">0</subfield>
    <subfield code="4">0</subfield>
    <subfield code="7">0</subfield>
    <subfield code="a">ATENEOM</subfield>
    <subfield code="b">ATENEOM</subfield>
    <subfield code="c">SVI</subfield>
    <subfield code="d">2008-01-17</subfield>
    <subfield code="e">SC</subfield>
    <subfield code="l">0</subfield>
    <subfield code="o">D-6511</subfield>
    <subfield code="p">901142021</subfield>
    <subfield code="r">2023-02-23 00:00:00</subfield>
    <subfield code="w">2023-02-23</subfield>
    <subfield code="y">MONOGRAFIA</subfield>
  </datafield>
</record>
